LEADER 00914nas 2200373 c 450 001 996540261303316 005 20200401121457.0 011 $a2636-8536 035 $a(CKB)4930000000040055 035 $a(DE-101)1199462675 035 $a(DE-599)ZDB2999869-4 035 $a(EXLCZ)994930000000040055 100 $a20191113a20069999 |y | 101 0 $atur 135 $aur||||||||||| 181 $ctxt$2rdacontent 182 $cc$2rdamedia 183 $acr$2rdacarrier 200 00$aEskiyeni 210 31$aAnkara$cAnadolu I?lahiyat Akademisi$d[2006]- 215 $aOnline-Ressource 311 $a1306-6218 608 $aZeitschrift$2gnd-content 676 $a100 676 $a300 676 $a340 686 $aPHILOS$qDE-12$2fid 801 0$b0012 801 1$bDE-101 801 2$b0012 906 $aJOURNAL 912 $a996540261303316 996 $aEskiyeni$93403709 997 $aUNISA LEADER 01245nas 2200421 c 450 001 9910892643803321 005 20260218110412.0 035 $a(DE-599)ZDB2673013-3 035 $a(OCoLC)1184498082 035 $a(DE-101)1024244849 035 $a(CKB)5860000000280663 035 $a(DE-599)2673013-3 035 $a(EXLCZ)995860000000280663 100 $a20120716a20109999 |y | 101 0 $ager 135 $aur||||||||||| 181 $ctxt$2rdacontent 182 $cc$2rdamedia 183 $acr$2rdacarrier 200 00$aAIT-Xia-Innovationspreis Architektur$eDokumentation der Innovationspreise von AIT und Xia im Rahmen der Messen .. 210 31$aLeinfelden-Echterdingen$cKoch$d2010- 215 $aOnline-Ressource 300 $aFru?here Jahrga?nge online nicht mehr verfu?gbar 300 $aGesehen am 26.07.2023 300 $aFortsetzung der Druck-Ausgabe 517 3 $aInnovationspreis Architektur 517 1 $aIP 517 1 $aInnovationspreis 608 $aZeitschrift$2gnd-content 676 $a690 676 $a720 801 0$b0355 801 1$bDE-101 801 2$b9999 906 $aJOURNAL 912 $a9910892643803321 996 $aAIT-Xia-Innovationspreis Architektur$94249379 997 $aUNINA